Cities with "Paris" nicknames - Statistics

General Stats
  • This quiz has been taken 461 times
  • The average score is 4 of 13
Answer Stats
Nickname Continent City % Correct
Paris of the Nile Africa Cairo
92%
Paris of the (Middle) East Asia Beirut
54%
paris of the Americas South America Buenos Aires
49%
Paris of the Caribbean North America Havana
34%
Paris of the Pacific North America San Francisco
33%
Paris of Java Asia Bandung
24%
Paris of the Orient Asia Ho Chi Minh City
14%
Paris of the Tropics South America Manaus
14%
Paris of the Midwest North America Detroit
12%
Paris of Africa Africa Abidjan
11%
Little Paris Europe Bucharest
11%
Paris of the Praries North America Saskatoon
7%
Paris of the North North America Dawson City
2%
No matching quizzes found
Score Distribution
Percent of People with Each Score
Percentile by Number Answered
Your Score History
You have not taken this quiz